| 000 | 00917nam a22002537a 4500 | ||
|---|---|---|---|
| 003 | URS | ||
| 005 | 20260223164111.0 | ||
| 008 | 260218t2023 ph ||||| |||| 001 0 eng d | ||
| 020 | _a9786210800463 | ||
| 040 |
_aDLC _beng _cDLC _dDLC _dURS _erda |
||
| 082 |
_a351.7092 _bC1574 2023 |
||
| 100 |
_aCampos, Jofrey R., _eauhtors. |
||
| 245 |
_aGood governance and social responsibility : _ba philosophical and business approach / _cJofrey r. Campos, and Josephine Diana S. Campos. |
||
| 264 |
_aMalabon, City: _bMutya Publishing House. Inc., _c[2023] |
||
| 300 |
_ax, 156 pages; _c26 cm. |
||
| 336 |
_2rdacontent _atext _btxt |
||
| 337 |
_2rdamedia _aunmediated _bn |
||
| 338 |
_2rdacarrier _avolume _bnc |
||
| 504 | _aIncludes bibliographical references (pages 148-156), and indexes. | ||
| 650 | _aGood governance. | ||
| 650 | _aSocial responsibility. | ||
| 700 |
_aCampos, Josephine Diana S., _eauthors. |
||
| 942 |
_2ddc _cF |
||
| 999 |
_c98761 _d98758 |
||